[Event "Final do II Circuito LXSBC - Grupo A"]
[Site "www.xadreztotal.com.br"]
[Date "2011.??.??"]
[Round "1.1"]
[White "Barbosa, Fernando"]
[Black "Proudian, Armen"]
[Result "1-0"]
[WhiteElo "2070"]
[BlackElo "2094"]
[PlyCount "81"]
[EventDate "2011.01.22"]

1. e4 e5 2. Nf3 Nc6 3. d4 exd4 4. Bc4 Nf6 5. e5 d5 6. Bb5 Ne4 7. Nxd4 Bd7 8.
Bxc6 bxc6 9. O-O Bc5 10. Be3 Qe7 11. Re1 O-O 12. f3 Ng5 13. Nc3 f6 14. Na4 Bb6
15. Qd2 Ne6 16. exf6 Qxf6 17. Nb3 Rae8 18. c3 Nf4 19. Nac5 Bc8 20. a4 a5 21.
Bd4 Qg5 22. Kh1 Ne6 23. Re3 Re7 24. Rae1 Qg6 25. Nxe6 Rxe6 26. Rxe6 Bxe6 27.
Bxb6 cxb6 28. Qe3 Re8 29. Qxb6 Bd7 30. Rxe8+ Bxe8 31. Qe3 Qb1+ 32. Qc1 Qf5 33.
h3 Kf7 34. Nxa5 d4 35. Nc4 Qd5 36. Qf4+ Ke6 37. Qg4+ Kf7 38. Qxd4 Qg5 39. Nd6+
Ke7 40. f4 Qh5 41. Nxe8 1-0

[Event "Final do II Circuito LXSBC - Grupo A"]
[Site "www.xadreztotal.com.br"]
[Date "2011.??.??"]
[Round "1.2"]
[White "Zampronha, Wladimir Camilo"]
[Black "Maia, Luciano Malta"]
[Result "1/2-1/2"]
[WhiteElo "2170"]
[BlackElo "2332"]
[PlyCount "70"]
[EventDate "2011.01.22"]

1. e4 e6 2. d4 d5 3. Nc3 Nf6 4. e5 Nfd7 5. f4 c5 6. Nf3 Nc6 7. Be3 cxd4 8. Nxd4
Bc5 9. Qd2 O-O 10. O-O-O a6 11. h4 Nxd4 12. Bxd4 b5 13. Rh3 b4 14. Na4 Bxd4 15.
Qxd4 a5 16. f5 Ba6 17. Re3 Kh8 18. Bxa6 Rxa6 19. Rf1 Rc6 20. b3 Qc7 21. Rf2 Rc8
22. Ree2 Nc5 23. Nxc5 Rxc5 24. h5 Rc3 25. h6 exf5 26. hxg7+ Kg8 27. g4 fxg4 28.
e6 Rf3 29. Qxg4 Rxf2 30. Rxf2 f5 31. Qxf5 Qxg7 32. e7 Qa1+ 33. Kd2 Qd4+ 34. Kc1
Qa1+ 35. Kd2 Qd4+ 1/2-1/2

[Event "Final do II Circuito LXSBC - Grupo A"]
[Site "www.xadreztotal.com.br"]
[Date "1922.??.??"]
[Round "1.3"]
[White "Bispo, Leonardo"]
[Black "Campelo, Leandro Fabricio"]
[Result "1/2-1/2"]
[WhiteElo "2202"]
[BlackElo "2231"]
[PlyCount "20"]
[EventDate "1922.??.??"]

1. e4 e5 2. Nf3 Nf6 3. d4 Nxe4 4. Bd3 d5 5. Nxe5 Nd7 6. Nxf7 Qe7 7. Nxh8 Nc3+
8. Kd2 Nxd1 9. Bxh7 Nxf2 10. Re1 Ne4+ 1/2-1/2

[Event "Final do II Circuito LXSBC - Grupo A"]
[Site "www.xadreztotal.com.br"]
[Date "2011.??.??"]
[Round "1.4"]
[White "Batista, Renato Luiz"]
[Black "Quintiliano Pinto, Renato R"]
[Result "1-0"]
[WhiteElo "2194"]
[BlackElo "2172"]
[PlyCount "63"]
[EventDate "2011.01.22"]

1. d4 d5 2. c4 c6 3. Nc3 e6 4. cxd5 exd5 5. Nf3 Bf5 6. Bf4 Bd6 7. Bxd6 Qxd6 8.
e3 Nd7 9. Bd3 Bxd3 10. Qxd3 Ngf6 11. O-O O-O 12. b4 b5 13. a4 a5 14. axb5 axb4
15. bxc6 Qxc6 16. Ne2 Qc4 17. Nf4 Ne4 18. Rac1 Nc3 19. Qf5 Nf6 20. Ne5 Qb5 21.
f3 Ra6 22. h4 Re8 23. Rf2 b3 24. Rxc3 Ra1+ 25. Kh2 b2 26. Rxb2 Qxb2 27. Rc8 Qb5
28. Nd7 Ra8 29. Nxf6+ gxf6 30. Nxd5 Kf8 31. Rc5 Qb8+ 32. f4 1-0

[Event "Final do II Circuito LXSBC - Grupo A"]
[Site "www.xadreztotal.com.br"]
[Date "2011.??.??"]
[Round "1.5"]
[White "Gerbelli Neto, Eduardo"]
[Black "Aranha Filho, Alvaro Z"]
[Result "1/2-1/2"]
[WhiteElo "2171"]
[BlackElo "2317"]
[PlyCount "22"]
[EventDate "2011.01.22"]

1. e4 c5 2. Nc3 d6 3. f4 g6 4. Nf3 Bg7 5. Bc4 Nc6 6. O-O Nf6 7. d3 O-O 8. Qe1
Nd4 9. Qh4 Nxc2 10. f5 Nxa1 11. fxg6 Be6 1/2-1/2

[Event "Final do II Circuito LXSBC - Grupo A"]
[Site "www.xadreztotal.com.br"]
[Date "2011.??.??"]
[Round "2.1"]
[White "Proudian, Armen"]
[Black "Aranha Filho, Alvaro Z"]
[Result "1/2-1/2"]
[WhiteElo "2104"]
[BlackElo "2317"]
[PlyCount "70"]
[EventDate "2011.01.22"]

1. e4 c6 2. d4 d5 3. Nc3 g6 4. Be3 Nh6 5. h3 dxe4 6. Nxe4 Nf5 7. Bc4 Bg7 8. Nf3
O-O 9. c3 Nxe3 10. fxe3 e6 11. h4 Nd7 12. h5 Nf6 13. Nxf6+ Qxf6 14. hxg6 hxg6
15. Qe2 c5 16. O-O-O cxd4 17. exd4 a6 18. g3 Rd8 19. Ne5 b5 20. Bb3 Qg5+ 21.
Kb1 Bxe5 22. Qxe5 Qxe5 23. dxe5 Bb7 24. Rxd8+ Rxd8 25. Rd1 Rxd1+ 26. Bxd1 f5
27. exf6 Kf7 28. Kc2 Kxf6 29. Kd3 Ke5 30. a4 Bd5 31. axb5 axb5 32. Ke3 g5 33.
Be2 Bc4 34. Bd1 Bd5 35. Bc2 Bc4 1/2-1/2

[Event "Final do II Circuito LXSBC - Grupo A"]
[Site "www.xadreztotal.com.br"]
[Date "2011.??.??"]
[Round "2.2"]
[White "Quintiliano Pinto, Renato R"]
[Black "Gerbelli Neto, Eduardo"]
[Result "1-0"]
[WhiteElo "2172"]
[BlackElo "2171"]
[PlyCount "39"]
[EventDate "2011.01.22"]

1. d4 d5 2. Nf3 Nf6 3. c4 c6 4. e3 e6 5. Bd3 Nbd7 6. b3 Bd6 7. Bb2 O-O 8. Nbd2
Qe7 9. Ne5 c5 10. O-O b6 11. cxd5 exd5 12. f4 Bb7 13. Rf3 Ne4 14. Rh3 Ndf6 15.
dxc5 Bxc5 16. Nxe4 dxe4 17. Ng4 Nd5 18. Nh6+ Kh8 19. Bxg7+ Kxg7 20. Nf5+ 1-0

[Event "Final do II Circuito LXSBC - Grupo A"]
[Site "www.xadreztotal.com.br"]
[Date "2011.??.??"]
[Round "2.4"]
[White "Maia, Luciano Malta"]
[Black "Bispo, Leonardo"]
[Result "1-0"]
[WhiteElo "2332"]
[BlackElo "2206"]
[PlyCount "55"]
[EventDate "2011.01.22"]

1. c4 c5 2. Nc3 b6 3. e4 Bb7 4. g3 g6 5. Bg2 Bg7 6. Nge2 Nc6 7. d3 e6 8. Be3
Nge7 9. d4 cxd4 10. Nxd4 Na5 11. b3 O-O 12. Rc1 d5 13. cxd5 exd5 14. O-O dxe4
15. Nxe4 Rc8 16. Rxc8 Nxc8 17. Qd2 Re8 18. Nc3 Bxg2 19. Kxg2 Ne7 20. Rd1 Qa8+
21. Kg1 Nd5 22. Nxd5 Qxd5 23. Nc2 Qxd2 24. Rxd2 Nc6 25. Rd7 Re7 26. Rd6 Rc7 27.
Nb4 Ne7 28. Nd5 1-0

[Event "Final do II Circuito LXSBC - Grupo A"]
[Site "www.xadreztotal.com.br"]
[Date "2011.??.??"]
[Round "2.5"]
[White "Barbosa, Fernando"]
[Black "Zampronha, Wladimir Camilo"]
[Result "0-1"]
[WhiteElo "2067"]
[BlackElo "2170"]
[PlyCount "84"]
[EventDate "2011.01.22"]

1. Nf3 Nf6 2. c4 c5 3. Nc3 Nc6 4. d4 cxd4 5. Nxd4 g6 6. g3 Bg7 7. Bg2 O-O 8.
O-O d6 9. Rb1 Nxd4 10. Qxd4 Bf5 11. Ra1 Ne4 12. Qe3 Nxc3 13. bxc3 Qc7 14. c5
dxc5 15. Ba3 Rac8 16. Rad1 Be6 17. Bd5 Bxd5 18. Rxd5 b6 19. Rfd1 Rfd8 20. Rxd8+
Rxd8 21. Rxd8+ Qxd8 22. c4 Bf6 23. Kg2 h5 24. Qd3 Qc8 25. Bc1 Kg7 26. Bf4 Qa6
27. Qb3 Qb7+ 28. Qf3 Qa6 29. Qb3 Qa5 30. e4 Bd4 31. a4 Qe1 32. Qc2 Qa5 33. Bg5
f6 34. Bd2 Qa6 35. Bc1 Qb7 36. h4 Qc6 37. f3 Be5 38. Qd2 Qxa4 39. Qh6+ Kf7 40.
Qh7+ Ke6 41. Bf4 Qc2+ 42. Kh3 Qd1 0-1

[Event "Final do II Circuito LXSBC - Grupo A"]
[Site "www.xadreztotal.com.br"]
[Date "1924.??.??"]
[Round "3.1"]
[White "Zampronha, Wladimir Camilo"]
[Black "Proudian, Armen"]
[Result "1/2-1/2"]
[WhiteElo "2170"]
[BlackElo "2094"]
[PlyCount "221"]
[EventDate "1922.??.??"]

1. c4 Nf6 2. Nc3 g6 3. g3 Bg7 4. Bg2 d6 5. e3 O-O 6. Nge2 c6 7. O-O e5 8. d4
Na6 9. b3 Re8 10. d5 c5 11. e4 Nc7 12. a4 b6 13. h3 a6 14. Qd3 Bd7 15. f4 b5
16. fxe5 dxe5 17. Be3 bxa4 18. bxa4 Rc8 19. Rab1 a5 20. Rb7 h6 21. Ra7 Na8 22.
Rb7 Nb6 23. Ra1 Re7 24. Ra7 Na8 25. Rb1 Ne8 26. d6 Re6 27. Rbb7 Rxd6 28. Qxd6
Nxd6 29. Rxd7 Qb6 30. Nd5 Qb1+ 31. Kh2 Nb6 32. Ne7+ Kh7 33. Rxd6 Nxc4 34. Nxc8
Nxd6 35. Nxd6 Qd3 36. Bxc5 Qxe2 37. Nxf7 Qc4 38. Ng5+ hxg5 39. Bf8 Qxa4 40.
Bxg7 Qd4 41. Re7 Qd6 42. Bf6+ Kh6 43. Rf7 g4 44. h4 g5 45. hxg5+ Kg6 46. Rg7+
Kh5 47. Rh7+ Kg6 48. Rg7+ Kh5 49. Re7 Kg6 50. Rxe5 a4 51. Ra5 Qb4 52. Ra6 Qb5
53. Ra7 Qb3 54. e5 Qc4 55. e6 Qxe6 56. Rxa4 Qe2 57. Re4 Qd1 58. Rf4 Qe2 59. Rd4
Kh5 60. Rb4 Qd2 61. Rb2 Qd3 62. Rb8 Qc2 63. Rh8+ Kg6 64. Bd8 Qd2 65. Rh6+ Kg7
66. Bf6+ Kf7 67. Rh7+ Kg6 68. Rg7+ Kh5 69. Rb7 Qc2 70. Rb5 Qe2 71. Rb2 Qc4 72.
Bb7 Qe6 73. Rf2 Qb6 74. Rb2 Qe3 75. Bh1 Qa7 76. Bg2 Qc5 77. Bf1 Qe3 78. Bb5 Kg6
79. Re2 Qc1 80. Be8+ Kh7 81. g6+ Kh6 82. g7 Qc4 83. Rf2 Qc5 84. g8=N+ Kh7 85.
Rg2 Kxg8 86. Bh4 Qe3 87. Bb5 Kg7 88. Be2 Qd4 89. Bg5 Kg6 90. Bf4 Qh8+ 91. Kg1
Qa1+ 92. Kf2 Qd4+ 93. Be3 Qf6+ 94. Ke1 Qc3+ 95. Kf2 Qf6+ 96. Kg1 Qa1+ 97. Bf1
Qe5 98. Bf4 Qd4+ 99. Kh1 Qh8+ 100. Kg1 Qd4+ 101. Rf2 Qc5 102. Bd3+ Kh5 103. Ba6
Kg6 104. Bb7 Qb6 105. Be4+ Kh5 106. Bd5 Kg6 107. Be5 Qc5 108. Be4+ Kh5 109. Bb2
Qe3 110. Bg2 Qxg3 111. Bc1 1/2-1/2

[Event "Final do II Circuito LXSBC - Grupo A"]
[Site "www.xadreztotal.com.br"]
[Date "1924.??.??"]
[Round "3.2"]
[White "Bispo, Leonardo"]
[Black "Barbosa, Fernando"]
[Result "0-1"]
[WhiteElo "2202"]
[BlackElo "2070"]
[PlyCount "100"]
[EventDate "1922.??.??"]

1. e4 e5 2. Nf3 Nc6 3. Bc4 d6 4. c3 Be7 5. d4 Nf6 6. Nbd2 O-O 7. h3 exd4 8.
cxd4 d5 9. exd5 Nxd5 10. O-O Nb6 11. Bd3 Be6 12. Ne4 h6 13. Re1 Nxd4 14. Nxd4
Qxd4 15. Ng5 Rad8 16. Bh7+ Kh8 17. Qxd4 Rxd4 18. Nxe6 fxe6 19. Be4 Bb4 20. Re2
Rd1+ 21. Kh2 Rf1 22. f3 Nc4 23. b3 Nd2 24. Bxb7 Bd6+ 25. g3 Nxf3+ 26. Bxf3
R8xf3 27. Kg2 Be5 28. Bb2 Rxa1 29. Kxf3 Bxb2 30. Rxb2 Rc1 31. Re2 Rc6 32. Rd2
Kh7 33. Kf4 Kg6 34. Ke5 Rc3 35. Kxe6 Rxg3 36. Rh2 Kh5 37. Kd7 Rc3 38. h4 a5 39.
Ke6 Rc5 40. Kf7 g6 41. Kg7 Rc6 42. a4 Rc3 43. Rg2 g5 44. hxg5 hxg5 45. Rb2 Kg4
46. Rg2+ Kf4 47. Rb2 c5 48. Kf6 g4 49. Rb1 Kf3 50. Kg5 g3 0-1

[Event "Final do II Circuito LXSBC - Grupo A"]
[Site "www.xadreztotal.com.br"]
[Date "1924.??.??"]
[Round "3.3"]
[White "Batista, Renato Luiz"]
[Black "Maia, Luciano Malta"]
[Result "1/2-1/2"]
[WhiteElo "2183"]
[BlackElo "2322"]
[PlyCount "33"]
[EventDate "1922.??.??"]

1. d4 Nf6 2. c4 e6 3. Nf3 b6 4. g3 Ba6 5. b3 Bb4+ 6. Bd2 Be7 7. Bg2 c6 8. Bc3
O-O 9. Nbd2 d5 10. Ne5 Nfd7 11. Nxd7 Nxd7 12. O-O Rc8 13. Rc1 Bb7 14. e4 dxe4
15. Nxe4 Nf6 16. Qe2 Qc7 17. Rfd1 1/2-1/2

[Event "Final do II Circuito LXSBC - Grupo A"]
[Site "www.xadreztotal.com.br"]
[Date "1924.??.??"]
[Round "3.4"]
[White "Gerbelli Neto, Eduardo"]
[Black "Campelo, Leandro Fabricio"]
[Result "0-1"]
[WhiteElo "2171"]
[BlackElo "2231"]
[PlyCount "72"]
[EventDate "1922.??.??"]

1. e4 e6 2. d4 d5 3. Nd2 Nf6 4. e5 Nfd7 5. Bd3 c5 6. c3 Nc6 7. Ne2 cxd4 8. cxd4
f6 9. exf6 Nxf6 10. O-O Bd6 11. Nf3 Qc7 12. Bg5 O-O 13. Qc2 h6 14. Bh4 Nh5 15.
Bg6 Rxf3 16. gxf3 Bxh2+ 17. Kh1 Nf4 18. Rad1 Nxe2 19. Qxe2 Qf4 20. Bg3 Bxg3 21.
fxg3 Qxg3 22. Qg2 Qh4+ 23. Qh2 Qf6 24. Qg1 Bd7 25. Bc2 Rf8 26. Ba4 e5 27. Bxc6
bxc6 28. dxe5 Qxe5 29. Qh2 Rf4 30. Rd2 Qf6 31. Qg3 Bg4 32. Rdf2 Bd7 33. Re1
Rh4+ 34. Kg1 Rh3 35. Qg2 Qh4 36. Kf1 Rh1+ 0-1

[Event "Final do II Circuito LXSBC - Grupo A"]
[Site "www.xadreztotal.com.br"]
[Date "1924.??.??"]
[Round "3.5"]
[White "Aranha Filho, Alvaro Z"]
[Black "Quintiliano Pinto, Renato R"]
[Result "1/2-1/2"]
[WhiteElo "2301"]
[BlackElo "2172"]
[PlyCount "23"]
[EventDate "1922.??.??"]

1. d4 d5 2. Nf3 c6 3. c4 e6 4. Qc2 dxc4 5. Qxc4 Nf6 6. g3 b5 7. Qb3 Bb7 8. Bg2
Nbd7 9. O-O a6 10. a4 c5 11. Bg5 cxd4 12. axb5 1/2-1/2

[Event "Final do II Circuito LXSBC - Grupo A"]
[Site "www.xadreztotal.com.br"]
[Date "1925.??.??"]
[Round "4.1"]
[White "Proudian, Armen"]
[Black "Quintiliano Pinto, Renato R"]
[Result "0-1"]
[WhiteElo "2094"]
[BlackElo "2172"]
[PlyCount "106"]
[EventDate "1922.??.??"]

1. e4 c5 2. Nf3 d6 3. d4 cxd4 4. Nxd4 Nf6 5. Nc3 g6 6. Be3 Bg7 7. Be2 Nc6 8.
Nb3 Be6 9. f4 O-O 10. g4 d5 11. f5 Bc8 12. exd5 Nb4 13. Bf3 gxf5 14. a3 fxg4
15. Bg2 Na6 16. Qd3 Qd6 17. O-O-O Qe5 18. Rdf1 Qh5 19. Nd4 Nc5 20. Qc4 b6 21.
d6 e5 22. Bxa8 exd4 23. Qxd4 Nfe4 24. Qd5 Qh3 25. Nxe4 Qxe3+ 26. Qd2 Qxd2+ 27.
Nxd2 Ba6 28. Bd5 Bxf1 29. Rxf1 Be5 30. Rf5 Bxd6 31. Rg5+ Kh8 32. Rxg4 Bxh2 33.
Nf3 f5 34. Rh4 Bg3 35. Rh5 Ne4 36. Be6 Bf4+ 37. Kb1 Ng3 38. Rh4 Bb8 39. Ng5 h5
40. Bf7 Kg7 41. Bd5 Kg6 42. Nf3 Rd8 43. c4 Re8 44. b4 Bd6 45. Kb2 Re3 46. Rh2
Ne4 47. Rg2+ Kf6 48. Nh4 Bg3 49. Nxf5 Kxf5 50. Rc2 Be5+ 51. Kb1 Nc3+ 52. Kc1
Re1+ 53. Kd2 Re2+ 0-1

[Event "Final do II Circuito LXSBC - Grupo A"]
[Site "www.xadreztotal.com.br"]
[Date "1925.??.??"]
[Round "4.2"]
[White "Campelo, Leandro Fabricio"]
[Black "Aranha Filho, Alvaro Z"]
[Result "1/2-1/2"]
[WhiteElo "2231"]
[BlackElo "2301"]
[PlyCount "52"]
[EventDate "1922.??.??"]

1. e4 c5 2. Nf3 a6 3. Nc3 e6 4. d4 cxd4 5. Nxd4 d6 6. Be3 Nf6 7. Bd3 Nc6 8. O-O
Be7 9. Kh1 Nxd4 10. Bxd4 e5 11. Be3 Be6 12. f4 Ng4 13. Bg1 exf4 14. Nd5 Bxd5
15. exd5 Ne5 16. Rxf4 O-O 17. c4 g6 18. Be2 Bf6 19. Rb1 Bg7 20. b4 a5 21. c5
axb4 22. Rfxb4 Rxa2 23. Rxb7 dxc5 24. Bxc5 Re8 25. Bb5 Qg5 26. Qf1 Rc8 1/2-1/2

[Event "Final do II Circuito LXSBC - Grupo A"]
[Site "www.xadreztotal.com.br"]
[Date "1925.??.??"]
[Round "4.3"]
[White "Maia, Luciano Malta"]
[Black "Gerbelli Neto, Eduardo"]
[Result "1/2-1/2"]
[WhiteElo "2322"]
[BlackElo "2171"]
[PlyCount "52"]
[EventDate "1922.??.??"]

1. Nf3 Nf6 2. c4 c5 3. Nc3 d5 4. cxd5 Nxd5 5. d4 cxd4 6. Qxd4 Nxc3 7. Qxc3 Nc6
8. e4 e6 9. Bb5 Bd7 10. O-O Qb6 11. Ba4 Qb4 12. Qxb4 Bxb4 13. Rd1 f6 14. Be3
Ke7 15. a3 Bd6 16. Nd2 Ne5 17. Bxd7 Nxd7 18. Nc4 Bc7 19. a4 Rhc8 20. Rac1 b6
21. Rc3 Ne5 22. Rdc1 Nxc4 23. Rxc4 Kd7 24. Rd1+ Ke7 25. Rdc1 Kd7 26. Rd1+ Ke7
1/2-1/2

[Event "Final do II Circuito LXSBC - Grupo A"]
[Site "www.xadreztotal.com.br"]
[Date "1925.??.??"]
[Round "4.4"]
[White "Barbosa, Fernando"]
[Black "Batista, Renato Luiz"]
[Result "0-1"]
[WhiteElo "2070"]
[BlackElo "2183"]
[PlyCount "62"]
[EventDate "1922.??.??"]

1. d4 Nf6 2. Nf3 g6 3. g3 Bg7 4. Bg2 O-O 5. O-O d6 6. Nc3 Nbd7 7. e4 e5 8. dxe5
dxe5 9. Bg5 c6 10. Qe2 Qe7 11. a3 h6 12. Bxf6 Qxf6 13. Nd1 Nc5 14. h3 Be6 15.
b4 Nd7 16. Ne3 Qe7 17. Nc4 Rfd8 18. Na5 Nf8 19. Rad1 Qc7 20. Qe3 b6 21. Nb3 Bc4
22. Rfe1 Ne6 23. Bf1 Bxf1 24. Rxf1 Rd7 25. Qe2 Rad8 26. Rxd7 Qxd7 27. Kg2 Bf6
28. h4 h5 29. Qc4 Nf4+ 30. Kg1 Qh3 31. gxf4 Qg4+ 0-1

[Event "Final do II Circuito LXSBC - Grupo A"]
[Site "www.xadreztotal.com.br"]
[Date "1925.??.??"]
[Round "4.5"]
[White "Zampronha, Wladimir Camilo"]
[Black "Bispo, Leonardo"]
[Result "0-1"]
[WhiteElo "2170"]
[BlackElo "2202"]
[PlyCount "84"]
[EventDate "1922.??.??"]

1. c4 c5 2. Nc3 b6 3. Nf3 Bb7 4. g3 g6 5. Bg2 Bg7 6. O-O e6 7. d4 cxd4 8. Nxd4
Bxg2 9. Kxg2 Ne7 10. e4 O-O 11. Nc2 Nbc6 12. Ne3 a6 13. Qd2 Nd4 14. b3 f5 15.
Bb2 Nec6 16. Nc2 f4 17. Nxd4 Nxd4 18. Na4 f3+ 19. Kg1 e5 20. Rfd1 d6 21. Qd3
Rb8 22. Nc3 Qd7 23. Qf1 Qg4 24. h3 Qh5 25. Nd5 Rf7 26. Bxd4 exd4 27. Rd3 Qe5
28. Re1 g5 29. Rd2 Re8 30. Qd3 Re6 31. Kh2 Rh6 32. Rh1 Qe6 33. Kg1 Rxh3 34.
Rxh3 Qxh3 35. Qf1 Qg4 36. Qd3 Be5 37. Kf1 h5 38. Ke1 h4 39. gxh4 gxh4 40. Kd1
h3 41. Kc2 h2 42. Rd1 Qg2 0-1

[Event "Final do II Circuito LXSBC - Grupo A"]
[Site "www.xadreztotal.com.br"]
[Date "1926.??.??"]
[Round "5.1"]
[White "Bispo, Leonardo"]
[Black "Proudian, Armen"]
[Result "0-1"]
[WhiteElo "2202"]
[BlackElo "2094"]
[PlyCount "104"]
[EventDate "1922.??.??"]

1. d4 Nf6 2. c4 g6 3. Nf3 Bg7 4. g3 d6 5. Bg2 O-O 6. b3 c6 7. O-O Qa5 8. Re1
Bg4 9. Nbd2 Bxf3 10. exf3 e6 11. Bb2 d5 12. Nf1 Nfd7 13. Qc2 Na6 14. Bc3 Qc7
15. Qd2 Rfd8 16. f4 dxc4 17. bxc4 Nb6 18. Ne3 Na4 19. Rad1 Nxc3 20. Qxc3 c5 21.
Qb3 cxd4 22. Qxb7 dxe3 23. Qxc7 Nxc7 24. Bxa8 exf2+ 25. Kxf2 Rxa8 26. Rd7 Rc8
27. Red1 Bf6 28. Kf3 a5 29. Rb1 Na6 30. Ra7 Nb4 31. Rxa5 Rxc4 32. a4 Kg7 33.
Ra8 Rc3+ 34. Ke2 Nc6 35. Rb7 Rc2+ 36. Kd1 Rxh2 37. Rc7 Ne7 38. Raa7 Rg2 39. a5
Rxg3 40. a6 Ra3 41. Ra8 Nd5 42. Rb7 Bd4 43. Rd8 Kf6 44. Rdd7 Kf5 45. a7 Ke4 46.
Kc2 f5 47. Rxh7 Nxf4 48. Rhe7 e5 49. Red7 g5 50. Rb4 g4 51. Rbb7 g3 52. Rb3
Ra2+ 0-1

[Event "Final do II Circuito LXSBC - Grupo A"]
[Site "www.xadreztotal.com.br"]
[Date "1926.??.??"]
[Round "5.2"]
[White "Batista, Renato Luiz"]
[Black "Zampronha, Wladimir Camilo"]
[Result "1/2-1/2"]
[WhiteElo "2183"]
[BlackElo "2170"]
[PlyCount "47"]
[EventDate "1922.??.??"]

1. d4 d5 2. c4 dxc4 3. Nf3 Nf6 4. e3 Bg4 5. Bxc4 e6 6. O-O Nbd7 7. Nc3 Be7 8.
Be2 c5 9. h3 Bh5 10. d5 exd5 11. Nxd5 O-O 12. Nf4 Bxf3 13. Bxf3 Qc7 14. g3 Ne5
15. Bg2 Rfd8 16. Qc2 Rd7 17. Bd2 Rad8 18. Bc3 Ng6 19. Nxg6 hxg6 20. e4 Nh7 21.
Rad1 b5 22. Rd5 Rxd5 23. exd5 Bd6 24. Rc1 1/2-1/2

[Event "Final do II Circuito LXSBC - Grupo A"]
[Site "www.xadreztotal.com.br"]
[Date "1926.??.??"]
[Round "5.3"]
[White "Gerbelli Neto, Eduardo"]
[Black "Barbosa, Fernando"]
[Result "1/2-1/2"]
[WhiteElo "2171"]
[BlackElo "2070"]
[PlyCount "77"]
[EventDate "1922.??.??"]

1. e4 e5 2. Nf3 Nf6 3. Bc4 Nxe4 4. Nc3 Nf6 5. Nxe5 d5 6. Bb3 Bd6 7. d4 O-O 8.
Bg5 c6 9. O-O Nbd7 10. f4 Qb6 11. Kh1 a5 12. Qd3 Qc7 13. a4 Bb4 14. Nxd7 Nxd7
15. Ne2 b6 16. c3 Ba6 17. Qf3 Bxe2 18. Qxe2 Rfe8 19. Qg4 Be7 20. Bc2 Bxg5 21.
fxg5 Nf8 22. Rf3 Re7 23. Rh3 g6 24. Rf1 Rae8 25. Bd3 Re1 26. Rhf3 Rxf1+ 27.
Rxf1 Re3 28. Ba6 Qe7 29. Qf4 Re1 30. h4 Rxf1+ 31. Qxf1 Qe3 32. Kh2 Qe4 33. Qf2
Ne6 34. g3 c5 35. Bc8 cxd4 36. Bxe6 Qxe6 37. Qxd4 Qe2+ 38. Kh3 Qxb2 39. Qf6
1/2-1/2

[Event "Final do II Circuito LXSBC - Grupo A"]
[Site "www.xadreztotal.com.br"]
[Date "1926.??.??"]
[Round "5.5"]
[White "Quintiliano Pinto, Renato R"]
[Black "Campelo, Leandro Fabricio"]
[Result "1/2-1/2"]
[WhiteElo "2172"]
[BlackElo "2231"]
[PlyCount "44"]
[EventDate "1922.??.??"]

1. d4 Nf6 2. c4 g6 3. Nc3 Bg7 4. e4 d6 5. Nf3 O-O 6. Be2 e5 7. O-O Nc6 8. d5
Ne7 9. b4 a5 10. Ba3 Nd7 11. bxa5 Rxa5 12. Bb4 Ra8 13. a4 Bh6 14. Nd2 f5 15. a5
Nf6 16. c5 Bxd2 17. cxd6 cxd6 18. Qxd2 Nxe4 19. Nxe4 fxe4 20. Qe3 Nf5 21. Qxe4
Nd4 22. Bd1 Bf5 1/2-1/2

[Event "Final do II Circuito LXSBC - Grupo A"]
[Site "www.xadreztotal.com.br"]
[Date "1927.??.??"]
[Round "6.1"]
[White "Proudian, Armen"]
[Black "Campelo, Leandro Fabricio"]
[Result "1/2-1/2"]
[WhiteElo "2094"]
[BlackElo "2231"]
[PlyCount "70"]
[EventDate "1922.??.??"]

1. e4 e6 2. d4 d5 3. exd5 exd5 4. Bd3 Nc6 5. c3 Bd6 6. Qf3 Nce7 7. Ne2 c6 8.
Bf4 Ng6 9. Bxd6 Qxd6 10. Qg3 Qxg3 11. hxg3 N8e7 12. Nf4 Nxf4 13. gxf4 Bf5 14.
Kd2 Kd7 15. Re1 Bxd3 16. Kxd3 Ng6 17. g3 h5 18. Nd2 h4 19. f5 Ne7 20. g4 f6 21.
f4 h3 22. Ke3 Rh4 23. Kf3 h2 24. Rh1 Rah8 25. Rad1 g6 26. fxg6 Nxg6 27. f5 Rh3+
28. Kf2 Nf4 29. Nf3 Kd6 30. Rd2 b6 31. Ke3 Re8+ 32. Kf2 Reh8 33. Ke3 Re8+ 34.
Kf2 Rg8 35. Ke3 Re8+ 1/2-1/2

[Event "Final do II Circuito LXSBC - Grupo A"]
[Site "www.xadreztotal.com.br"]
[Date "1927.??.??"]
[Round "6.2"]
[White "Maia, Luciano Malta"]
[Black "Quintiliano Pinto, Renato R"]
[Result "0-1"]
[WhiteElo "2322"]
[BlackElo "2172"]
[PlyCount "84"]
[EventDate "1922.??.??"]

1. c4 c5 2. Nf3 Nc6 3. d4 cxd4 4. Nxd4 g6 5. e4 Bg7 6. Be3 Nf6 7. Nc3 Ng4 8.
Qxg4 Nxd4 9. Qd1 Ne6 10. Rc1 d6 11. Qd2 O-O 12. Be2 Bd7 13. O-O Bc6 14. Nd5 Nc5
15. f3 e6 16. Nc3 a5 17. Nd1 f5 18. exf5 gxf5 19. Nf2 Qc7 20. Rfd1 Rad8 21. b3
e5 22. Nd3 Ne6 23. b4 b6 24. Re1 Rfe8 25. Bf1 Kh8 26. Qf2 Rb8 27. Qh4 f4 28.
Bd2 Nd4 29. Bc3 Nf5 30. Qf2 Bf6 31. Qb2 Qg7 32. Rb1 axb4 33. Nxb4 Bxf3 34. Na6
Rb7 35. Qf2 Bc6 36. Nb4 Bh4 37. Qc2 Bxe1 38. Rxe1 Ne3 39. Rxe3 fxe3 40. Nxc6
Rf7 41. Be1 Ref8 42. Be2 Rf2 0-1

[Event "Final do II Circuito LXSBC - Grupo A"]
[Site "www.xadreztotal.com.br"]
[Date "1927.??.??"]
[Round "6.3"]
[White "Barbosa, Fernando"]
[Black "Aranha Filho, Alvaro Z"]
[Result "0-1"]
[WhiteElo "2070"]
[BlackElo "2301"]
[PlyCount "74"]
[EventDate "1922.??.??"]

1. e4 c5 2. Nf3 Nc6 3. d4 cxd4 4. Nxd4 Nf6 5. Nxc6 bxc6 6. Bd3 e5 7. Qe2 Bc5 8.
O-O d6 9. Bg5 h6 10. Bh4 g5 11. Bg3 h5 12. h4 Ng4 13. hxg5 h4 14. Bh2 Qxg5 15.
Nd2 Rg8 16. Nf3 Qf6 17. Kh1 Ke7 18. c3 Bd7 19. b4 Bb6 20. b5 c5 21. c4 Rg6 22.
Rg1 Rag8 23. Raf1 Be6 24. Qd1 Qh8 25. Qd2 Nf6 26. Ne1 Nh5 27. g4 hxg3 28. fxg3
Nxg3+ 29. Rxg3 Rxg3 30. Qf2 R3g4 31. Be2 Rxe4 32. Nc2 Rf4 33. Qe1 Qh3 34. Rg1
Rxg1+ 35. Qxg1 Bxc4 36. Ne3 Bxe2 37. Nd5+ Kf8 0-1

[Event "Final do II Circuito LXSBC - Grupo A"]
[Site "www.xadreztotal.com.br"]
[Date "1927.??.??"]
[Round "6.4"]
[White "Zampronha, Wladimir Camilo"]
[Black "Gerbelli Neto, Eduardo"]
[Result "1-0"]
[WhiteElo "2170"]
[BlackElo "2171"]
[PlyCount "83"]
[EventDate "1922.??.??"]

1. c4 Nf6 2. Nc3 c6 3. e4 d5 4. e5 d4 5. exf6 dxc3 6. bxc3 gxf6 7. d4 Nd7 8.
Bd3 e6 9. Nf3 Qc7 10. O-O b6 11. Re1 Bb7 12. Nh4 O-O-O 13. Qh5 Bd6 14. Qxf7
Bxh2+ 15. Kf1 Bf4 16. Qxe6 Bxc1 17. Raxc1 Qh2 18. Qh3 Qf4 19. Qg3 Qxg3 20. fxg3
Kb8 21. Re7 Ne5 22. Bxh7 Nxc4 23. Rce1 Nd6 24. Ng6 Ba6+ 25. Kf2 Rhe8 26. Rxe8
Rxe8 27. Rxe8+ Nxe8 28. Bg8 Nd6 29. Ke3 Bf1 30. Nf4 Kc7 31. Nh5 f5 32. Nf4 Kd7
33. g4 fxg4 34. Be6+ Ke7 35. Bxg4 Kf6 36. Bf3 Bb5 37. Nd3 Nc4+ 38. Kf4 Nd2 39.
Ne5 c5 40. g4 c4 41. g5+ Kg7 42. Be4 1-0